| 000 | 00663cam a2200193 a 4500 | ||
|---|---|---|---|
| 999 |
_c7766 _d7766 |
||
| 001 | 423 | ||
| 003 | BD-DhUAP | ||
| 005 | 20210201112327.0 | ||
| 008 | 200315s20061992bg abf b f000 0 eng | ||
| 040 |
_aBD-DhUAP _cBD-DhUAP _dBD-DhUAP _bEng |
||
| 082 |
_a425 HOU _223 |
||
| 245 |
_aHoughton Mifflin English grammar and composition : _bComposition workshops. |
||
| 260 |
_aBoston : _bHoughton Mifflin English _c[...?]. |
||
| 300 |
_a62 pages : _billustrations ; _c28 cm. |
||
| 650 | _aEnglish language -- Composition and exercises -- Study and teaching. | ||
| 710 | _aHoughton Mifflin English. | ||
| 942 |
_2ddc _cBK |
||